我的世界都是你 (Record no. 68472)

000 -LEADER
fixed length control field 00550nam a22002057a 4500
003 - CONTROL NUMBER IDENTIFIER
control field MPLRDC
005 - DATE AND TIME OF LATEST TRANSACTION
control field 20220105061058.0
008 - FIXED-LENGTH DATA ELEMENTS--GENERAL INFORMATION
fixed length control field 210129b ||||| |||| 00| 0 eng d
020 ## - INTERNATIONAL STANDARD BOOK NUMBER
International Standard Book Number 978-986-213-677-5
082 ## - DEWEY DECIMAL CLASSIFICATION NUMBER
Classification number 947.419 JM-17
100 ## - MAIN ENTRY--PERSONAL NAME
Personal name 几米 JIMMY LIAO
245 ## - TITLE STATEMENT
Title 我的世界都是你
Statement of responsibility, etc.
250 ## - EDITION STATEMENT
Edition statement 初版一刷
260 ## - PUBLICATION, DISTRIBUTION, ETC.
Place of publication, distribution, etc. 台湾
Name of publisher, distributor, etc. 大块文化出版股份有限公司
Date of publication, distribution, etc. 2016
300 ## - PHYSICAL DESCRIPTION
Other physical details
490 ## - SERIES STATEMENT
Series statement 几米作品: 50
520 ## - SUMMARY, ETC.
Summary, etc. 上架 2017-02-01
650 ## - SUBJECT ADDED ENTRY--TOPICAL TERM
Topical term or geographic name entry element 漫画--图文混合
942 ## - ADDED ENTRY ELEMENTS (KOHA)
Koha item type Book
-- 947.419 JM-17

No items available.

© 2022. Malaysian Public Library, Research and Development Centre. All Right ReservedE-mailmplrdc@help.edu.my 

Powered by Koha